Miasta w Śląskim - Statystyki

Ogólne statystyki
  • Ten quiz został rozwiązany 77 razy
    61 od ostatniego zresetowania
  • Średni wynik to 37 z 72
Statystyki odpowiedzi
Miasto % Poprawnych
Katowice
96%
Zabrze
93%
Bytom
91%
Gliwice
91%
Chorzów
85%
Częstochowa
85%
Sosnowiec
85%
Rybnik
80%
Tychy
80%
Dąbrowa Górnicza
78%
Mysłowice
78%
Ruda Śląska
76%
Bielsko-Biała
73%
Tarnowskie Góry
73%
Jaworzno
71%
Mikołów
71%
Będzin
69%
Siemianowice Śląskie
69%
Piekary Śląskie
65%
Pszczyna
65%
Zawiercie
65%
Czechowice-Dziedzice
62%
Racibórz
62%
Wodzisław Śląski
62%
Wisła
58%
Żory
58%
Żywiec
58%
Myszków
56%
Knurów
55%
Ustroń
55%
Bieruń
53%
Cieszyn
51%
Lubliniec
51%
Orzesze
51%
Radzionków
51%
Czeladź
49%
Jastrzębie-Zdrój
49%
Łaziska Górne
47%
Pyskowice
47%
Świętochłowice
47%
Kłobuck
45%
Czerwionka-Leszczyny
44%
Lędziny
44%
Skoczów
42%
Pszów
40%
Szczyrk
40%
Radlin
38%
Toszek
38%
Imielin
35%
Kuźnia Raciborska
35%
Pilica
35%
Rydułtowy
35%
Blachownia
33%
Koniecpol
33%
Koziegłowy
33%
Miasteczko Śląskie
33%
Strumień
33%
Łazy
31%
Ogrodzieniec
31%
Wilamowice
31%
Kalety
29%
Poręba
29%
Sławków
27%
Sośnicowice
27%
Szczekociny
27%
Olsztyn
25%
Siewierz
25%
Wojkowice
24%
Żarki
24%
Woźniki
20%
Krzepice
18%
Krzanowice
16%
Nie znaleziono quizów pasujących do podanych kryteriów
Rozkład punktacji
Procent ludzi z każdym wynikiem
Percentyl według liczby udzielonych odpowiedzi
Twoja historia wyników
Nie rozwiązałeś tego quizu od ostatniego zresetowania